| Tag |
First Indicator |
Second Indicator |
Subfields |
| LEADER |
00000pam a2200000 i 4500 |
| 001 |
in00000052824 |
| 005 |
20151007074147.0 |
| 008 |
781012s1979 nyu b 00010 eng |
| 010 |
|
|
|a 78021649
|
| 020 |
|
|
|a 0873041690
|
| 035 |
|
|
|a (OCoLC)04494156
|
| 035 |
|
|
|9 AAF1047AM
|
| 040 |
|
|
|a DLC
|c DLC
|d TXA
|d UtOrBLW
|
| 043 |
|
|
|a n-us---
|
| 049 |
|
|
|a TXAM
|c [1160275]
|
| 050 |
0 |
0 |
|a HQ10
|b .C187
|
| 082 |
0 |
|
|a 362.8/2
|
| 100 |
1 |
|
|a Callahan, Betsy Nicholson.
|
| 245 |
1 |
0 |
|a Separation and divorce /
|c Betsy Nicholson Callahan.
|
| 264 |
|
1 |
|a New York :
|b Family Service Association of America,
|c [1979]
|
| 264 |
|
4 |
|c ©1979
|
| 300 |
|
|
|a iv, 129 pages ;
|c 24 cm.
|
| 336 |
|
|
|a text
|b txt
|2 rdacontent
|
| 337 |
|
|
|a unmediated
|b n
|2 rdamedia
|
| 338 |
|
|
|a volume
|b nc
|2 rdacarrier
|
| 490 |
1 |
|
|a Workshop models for family life education
|
| 504 |
|
|
|a Bibliography: pages 127-129.
|
| 650 |
|
0 |
|a Marriage counseling
|z United States.
|
| 650 |
|
0 |
|a Divorced women
|z United States
|x Family relationships.
|
| 710 |
2 |
|
|a Family Service Association of America.
|
| 830 |
|
0 |
|a Workshop models for family life education.
|
| 999 |
|
|
|a MARS
|
| 999 |
f |
f |
|s 03bee30c-27c7-30df-a41a-fc303b27e463
|i 5ddc82c0-4da8-36fb-80d7-fdb0b0a70127
|t 0
|
| 952 |
f |
f |
|p ric
|a Texas A&M University
|b Rellis Campus
|c Joint Library Facility
|s JLF
|d Remote Storage
|t 0
|e HQ10 .C187
|h Library of Congress classification
|i unmediated -- volume
|m A14802949223
|
| 998 |
f |
f |
|a HQ10 .C187
|t 0
|l Remote Storage
|